<?xml version="1.0" encoding="UTF-8"?>
<record
    xmlns:xsi="http://www.w3.org/2001/XMLSchema-instance"
    xsi:schemaLocation="http://www.loc.gov/MARC21/slim http://www.loc.gov/standards/marcxml/schema/MARC21slim.xsd"
    xmlns="http://www.loc.gov/MARC21/slim">

  <leader>01901nam a2200361   4500</leader>
  <controlfield tag="001">114017</controlfield>
  <controlfield tag="003">DR-UNIBE</controlfield>
  <controlfield tag="005">20260526062559.0</controlfield>
  <controlfield tag="008">250805b2011    dr ||||| |||| 00| 1 spa d</controlfield>
  <datafield tag="020" ind1=" " ind2=" ">
    <subfield code="a">9789945246001</subfield>
  </datafield>
  <datafield tag="040" ind1=" " ind2=" ">
    <subfield code="a">BIBLIOTECA UNIBE</subfield>
    <subfield code="b">spa</subfield>
    <subfield code="c">BIBLIOTECA UNIBE</subfield>
    <subfield code="e">rda</subfield>
  </datafield>
  <datafield tag="041" ind1=" " ind2=" ">
    <subfield code="a">spa</subfield>
  </datafield>
  <datafield tag="090" ind1=" " ind2=" ">
    <subfield code="a">FBIU-L CI P426&#xF3; 2011</subfield>
  </datafield>
  <datafield tag="100" ind1="1" ind2="0">
    <subfield code="a">Peralta Romero, Rafael,</subfield>
    <subfield code="d">1948 -</subfield>
    <subfield code="9">53494</subfield>
    <subfield code="e">autor</subfield>
  </datafield>
  <datafield tag="245" ind1="1" ind2="3">
    <subfield code="a">A la orilla del mar /</subfield>
    <subfield code="c">Rafael Peralta Romero ; ilustraciones: Erika Soto Salcedo; direcci&#xF3;n editorial: Claudia Llibre; direcci&#xF3;n de arte y producci&#xF3;n: Mois&#xE9;s Kelly Santana ; Subdirecci&#xF3;n de arte: Lilian Salcedo Fern&#xE1;ndez;  edici&#xF3;n: Jorge Luis Zamora; correcci&#xF3;n de estilo: Mirtha Gonz&#xE1;lez Guti&#xE9;rrez; diagramaci&#xF3;n: Ana G&#xF3;mez Ota&#xF1;o; pr&#xF3;logo: Lucia Amelia Cabral</subfield>
  </datafield>
  <datafield tag="260" ind1=" " ind2=" ">
    <subfield code="a">Santo Domingo:</subfield>
    <subfield code="b">Loqueleo :</subfield>
    <subfield code="b">Santillana,</subfield>
    <subfield code="c">2011</subfield>
  </datafield>
  <datafield tag="300" ind1=" " ind2=" ">
    <subfield code="a">114 p&#xE1;ginas: </subfield>
    <subfield code="b">ilustraciones a color ;</subfield>
    <subfield code="c">19 x 13 cm</subfield>
  </datafield>
  <datafield tag="490" ind1=" " ind2=" ">
    <subfield code="a">Serie naranja / Cuento ;</subfield>
    <subfield code="n">+10</subfield>
  </datafield>
  <datafield tag="500" ind1=" " ind2=" ">
    <subfield code="a">Premio de Literatura Infantil Aurora Tav&#xE1;rez Belliard 2011. Incluye &#xED;ndice, datos del autor al final de la obra y comentario de la misma en la contraportada</subfield>
  </datafield>
  <datafield tag="653" ind1=" " ind2=" ">
    <subfield code="a">Cuentos infantiles dominicanos </subfield>
  </datafield>
  <datafield tag="653" ind1=" " ind2="7">
    <subfield code="a">Mar - Cuentos infantiles dominicanos</subfield>
  </datafield>
  <datafield tag="653" ind1=" " ind2="7">
    <subfield code="a"> Los Uveros, Rep&#xFA;blica Dominicana - Cuentos infantiles dominicanos</subfield>
  </datafield>
  <datafield tag="653" ind1=" " ind2="7">
    <subfield code="a">Literatura infantil dominicana</subfield>
  </datafield>
  <datafield tag="700" ind1="1" ind2="0">
    <subfield code="a">Soto Salcedo, Erika</subfield>
    <subfield code="9">198231</subfield>
    <subfield code="e">ilustrador</subfield>
  </datafield>
  <datafield tag="700" ind1="1" ind2="0">
    <subfield code="a">Llibre, Claudia</subfield>
    <subfield code="9">115216</subfield>
    <subfield code="e">director editorial</subfield>
  </datafield>
  <datafield tag="700" ind1="1" ind2="0">
    <subfield code="a">Kelly Santana, Mois&#xE9;s</subfield>
    <subfield code="9">115217</subfield>
    <subfield code="e">director de arte</subfield>
    <subfield code="e">producci&#xF3;n</subfield>
  </datafield>
  <datafield tag="700" ind1="1" ind2="0">
    <subfield code="a">Salcedo Fern&#xE1;ndez, Lilian</subfield>
    <subfield code="9">115218</subfield>
    <subfield code="e">subdirector de arte</subfield>
  </datafield>
  <datafield tag="700" ind1="1" ind2="0">
    <subfield code="a">Zamora, Jorge Luis</subfield>
    <subfield code="9">155167</subfield>
    <subfield code="e">editor</subfield>
  </datafield>
  <datafield tag="700" ind1=" " ind2="0">
    <subfield code="a">Gonz&#xE1;lez Guti&#xE9;rrez, Mirtha,</subfield>
    <subfield code="d">1959-</subfield>
    <subfield code="e">corrector de estilo</subfield>
    <subfield code="9">57813</subfield>
  </datafield>
  <datafield tag="700" ind1="1" ind2="0">
    <subfield code="a">G&#xF3;mez Ota&#xF1;o, Ana</subfield>
    <subfield code="9">115219</subfield>
    <subfield code="e">diagramaci&#xF3;n</subfield>
  </datafield>
  <datafield tag="700" ind1="1" ind2="0">
    <subfield code="a">Cabral, Luc&#xED;a Amelia</subfield>
    <subfield code="9">53513</subfield>
    <subfield code="e">prologuista</subfield>
  </datafield>
  <datafield tag="942" ind1=" " ind2=" ">
    <subfield code="2">ddc</subfield>
    <subfield code="c">BK</subfield>
  </datafield>
  <datafield tag="999" ind1=" " ind2=" ">
    <subfield code="c">114017</subfield>
    <subfield code="d">114017</subfield>
  </datafield>
  <datafield tag="952" ind1=" " ind2=" ">
    <subfield code="0">0</subfield>
    <subfield code="1">0</subfield>
    <subfield code="2">ddc</subfield>
    <subfield code="7">1</subfield>
    <subfield code="8">FBIU</subfield>
    <subfield code="a">Principal</subfield>
    <subfield code="d">2025-07-10</subfield>
    <subfield code="l">0</subfield>
    <subfield code="o">FBIU-L CI P426&#xF3; 2011</subfield>
    <subfield code="p">FBIU0879</subfield>
    <subfield code="r">2025-08-05 14:50:11</subfield>
    <subfield code="t">Ej.1</subfield>
    <subfield code="w">2025-08-05</subfield>
    <subfield code="y">BK-RES</subfield>
  </datafield>
</record>
